000 00414nam a2200169Ia 4500
008 230917s9999||||xx |||||||||||||| ||und||
020 _cRS90
040 _e26993
_aMAIN
041 _aEnglish
082 _a001.64 S72I
100 _aStone, Harold S ...[et al]
245 0 _aIntroduction to computer Architecture
250 _a2nd ed.
260 _aNew Delhi
_bGalgotia
_c1992
300 _a673 p.
942 _cBK
999 _c76817
_d76817